00831cam a22002293a 450000100060000000300060000600500170001200800410002904000150007004200070008505000070009210000280009924501320012726000290025950501130028850600300040151600200043165300520045170000270050383000290053085600420055918517PGUSA20140828083408.0060606s2006||||xxu|||||s|||||000 | eng d aPGUSAbeng adc 4aPR1 aPordage, Samuel,d1633-10aAnti-Achitophel (1682) :bThree Verse Replies to Absalom and Achitophel by John Drydenh[electronic resource] /cSamuel Pordage bProject Gutenberg,c20060 aAbsalom Senior by Elkanah Settle -- Poetical Reflections by Anonymous -- Azaria and Hushai by Samuel Pordage aPublic domain in the USA. aElectronic text aDryden, John, 1631-1700. Absalom and Achitophel1 aJones, Harold Whitmore 0aProject Gutenbergv1851740uhttp://www.gutenberg.org/ebooks/18517